[Event "Titled Tuesday intern op 12th Mar Late"]
[Site "Chess.com INT"]
[Date "2024.03.12"]
[Round "6"]
[White "Collins, Adam"]
[Black "Piscicelli, Daniel Orlando"]
[Result "0-1"]
[WhiteElo "2194"]
[BlackElo "2232"]
[PlyCount "132"]
[EventDate "2024.03.12"]
[EventType "swiss (blitz)"]
[EventRounds "11"]
[EventCountry "USA"]
[SourceTitle "CB12_2024"]
[SourceDate "2023.10.01"]
[SourceVersion "1"]
[SourceVersionDate "2023.10.01"]
[SourceQuality "1"]

1. Nf3 d5 2. e3 Bg4 3. b3 Nd7 4. d4 c6 5. Bb2 e6 6. Be2 f5 7. Nbd2 Ngf6 8. 0-0 Bd6 9. Ne5 Bxe2 10. Qxe2 0-0 11. c4 Ne4 12. Ndf3 Qe7 13. Rac1 Nxe5 14. Nxe5 Bxe5 15. dxe5 f4 16. f3 Ng3 17. Qd3 Nxf1 18. Rxf1 fxe3 19. Qxe3 dxc4 20. bxc4 Qb4 21. Ba3 Qxc4 22. Bxf8 Rxf8 23. Qxa7 b5 24. Qd7 c5 25. a3 h6 26. Qd2 Ra8 27. Rc1 Qd4+ 28. Qxd4 cxd4 29. Rd1 Ra4 30. Kf2 Kf7 31. Kg3 g5 32. h4 Kg6 33. hxg5 hxg5 34. Kg4 d3+ 35. Kg3 Rxa3 36. Kf2 Kf5 37. Ke3 Kxe5 38. Rb1 Ra5 39. Kxd3 Kf4 40. Rb4+ Kf5 41. g4+ Ke5 42. Re4+ Kf6 43. Rb4 Ra3+ 44. Ke2 Ra5 45. Ke3 Ke5 46. Rb1 Kd5 47. Rd1+ Kc5 48. Ke4 Ra4+ 49. Ke5 Ra3 50. Rc1+ Kb6 51. Ke4 b4 52. f4 gxf4 53. Kxf4 Kb5 54. g5 Ra2 55. Ke5 Rg2 56. Kf6 b3 57. Re1 b2 58. g6 Kc4 59. g7 e5 60. Re2 b1Q 61. Rxg2 Qf1+ 62. Kxe5 Qxg2 63. Kf6 Qd5 64. Ke7 Qg8 65. Kf6 Kd5 66. Kg6 Ke5 0-1

[Event "Titled Tuesday intern op 12th Mar Late"]
[Site "Chess.com INT"]
[Date "2024.03.12"]
[Round "9"]
[White "Machidon, Cristi"]
[Black "Piscicelli, Daniel Orlando"]
[Result "1/2-1/2"]
[WhiteElo "2281"]
[BlackElo "2232"]
[PlyCount "212"]
[EventDate "2024.03.12"]
[EventType "swiss (blitz)"]
[EventRounds "11"]
[EventCountry "USA"]
[SourceTitle "CB12_2024"]
[SourceDate "2023.10.01"]
[SourceVersion "1"]
[SourceVersionDate "2023.10.01"]
[SourceQuality "1"]

1. d4 d5 2. c4 Nc6 3. Nc3 Nf6 4. Nf3 e6 5. Bg5 Be7 6. e3 0-0 7. Rc1 h6 8. Bh4 a6 9. cxd5 Nxd5 10. Bg3 Nxc3 11. bxc3 Bd6 12. e4 e5 13. dxe5 Ba3 14. Rc2 Qxd1+ 15. Kxd1 Be6 16. Nd4 Rfd8 17. Rd2 Nxd4 18. cxd4 Bb4 19. d5 Bxd2 20. Kxd2 c6 21. d6 Bxa2 22. Bd3 Be6 23. f4 b5 24. Rc1 Rac8 25. Bf2 b4 26. f5 Ba2 27. Bb6 Rd7 28. Bc5 b3 29. Kc3 Re8 30. e6 fxe6 31. fxe6 Rxe6 32. Bc4 b2 33. Bxe6+ Bxe6 34. Kxb2 Rb7+ 35. Kc3 a5 36. Kd4 a4 37. Ke5 Bb3 38. Rc3 Kf7 39. Rf3+ Ke8 40. h4 Rb5 41. Kd4 Be6 42. e5 Kd7 43. Rg3 g5 44. hxg5 hxg5 45. Rxg5 Bf7 46. Rf5 Be6 47. Rh5 Rb1 48. Rh7+ Kd8 49. Re7 Rd1+ 50. Ke3 Bd7 51. Ke2 Rd5 52. Bb6+ Kc8 53. Ke3 a3 54. e6 Re5+ 55. Kd4 Rxe6 56. Rxe6 Bxe6 57. Kc3 a2 58. Kb2 Bd5 59. g4 Kd7 60. Bc5 Ke6 61. g5 Be4 62. Kxa2 Kd7 63. Ka3 Bg6 64. Kb4 Ke6 65. Kc3 Bf5 66. Kd4 Bg6 67. Kc4 Bf5 68. Kb4 Bg6 69. Ka5 Kd7 70. Kb6 Bf5 71. Bb4 Bg6 72. Kc5 Bf5 73. Kd4 Ke6 74. Ke3 Bg6 75. Kf4 Bh5 76. Bc5 Bg6 77. Kg4 Ke5 78. Bb4 Ke6 79. Kf4 Bh5 80. Kg3 Bg6 81. Kg4 Kd7 82. Kf4 Ke6 83. Bc5 Bh5 84. Kg3 Bg6 85. Kh4 Kd7 86. Kg4 Ke6 87. Kf4 Bh5 88. Ke4 Bg6+ 89. Kd4 Bh5 90. Bb4 Bg6 91. Kc5 Kd7 92. Bd2 Bh5 93. Bf4 Bg6 94. Kd4 Ke6 95. Kc4 Bh5 96. Kd4 Bg6 97. Ke3 Bh5 98. Ke4 Bg6+ 99. Kf3 Bh5+ 100. Kg3 Bg6 101. Kg4 Kd7 102. Be5 Ke6 103. Kf4 Bh5 104. Ke4 Bg6+ 105. Kd4 Kd7 106. Bf4 Ke6 1/2-1/2

[Event "Titled Tuesday intern op 16th Jan Early"]
[Site "Chess.com INT"]
[Date "2024.01.16"]
[Round "4"]
[White "Vidruska, Renate"]
[Black "Piscicelli, Daniel Orlando"]
[Result "1-0"]
[WhiteElo "1972"]
[BlackElo "2232"]
[PlyCount "65"]
[EventDate "2024.01.16"]
[EventType "swiss (blitz)"]
[EventRounds "11"]
[EventCountry "USA"]
[SourceTitle "CB04_2024"]
[SourceDate "2023.10.16"]
[SourceVersion "1"]
[SourceVersionDate "2023.10.16"]
[SourceQuality "1"]

1. e4 e5 2. Nf3 Nc6 3. Nc3 Nf6 4. d4 exd4 5. Nxd4 Bb4 6. Nxc6 bxc6 7. Bd3 0-0 8. 0-0 d5 9. exd5 cxd5 10. Bg5 Be7 11. Qf3 Be6 12. h3 Rb8 13. b3 Re8 14. Rad1 c6 15. Ne2 Qc7 16. Bf4 Bd6 17. Bg5 Nd7 18. Nd4 Ne5 19. Qe2 Nxd3 20. Qxd3 h6 21. Bc1 Rbd8 22. Bb2 c5 23. Nb5 Qc6 24. Nxd6 Qxd6 25. Rfe1 d4 26. c3 Qb6 27. cxd4 cxd4 28. Bxd4 Qa5 29. Qg3 g6 30. Bc3 Qxa2 31. Qe5 Kf8 32. Qg7+ Ke7 33. Bf6# 1-0

[Event "Titled Tuesday intern op 09th Jan Early"]
[Site "Chess.com INT"]
[Date "2024.01.09"]
[Round "3"]
[White "Piscicelli, Daniel Orlando"]
[Black "Avramidou, Anastasia"]
[Result "0-1"]
[WhiteElo "2232"]
[BlackElo "2287"]
[PlyCount "68"]
[EventDate "2024.01.09"]
[EventType "swiss (blitz)"]
[EventRounds "11"]
[EventCountry "USA"]
[SourceTitle "CB03_2024"]
[SourceDate "2024.01.17"]
[SourceVersion "1"]
[SourceVersionDate "2024.01.17"]
[SourceQuality "1"]

1. e4 g6 2. d4 Bg7 3. Nc3 d6 4. Be3 a6 5. Qd2 b5 6. f4 Bb7 7. Bd3 Nd7 8. Nf3 c5 9. 0-0 Ngf6 10. d5 Ng4 11. h3 Nxe3 12. Qxe3 0-0 13. f5 c4 14. Be2 Qb6 15. Qxb6 Nxb6 16. Rad1 b4 17. Nb1 Bxb2 18. fxg6 hxg6 19. Nbd2 Rac8 20. Rb1 Bc3 21. Kh1 a5 22. Rfd1 f5 23. Nh4 Kg7 24. exf5 gxf5 25. Bf3 Bxd5 26. Bxd5 Nxd5 27. Nxc4 Rxc4 28. Rxd5 Rxh4 29. Rxa5 Re4 30. Rd5 Kg6 31. Kh2 Ra8 32. Rb5 Rxa2 33. Rb7 Rxc2 34. Rb3 Rb2 0-1

[Event "Mar del Plata op 42nd"]
[Site "Mar del Plata"]
[Date "2011.04.18"]
[Round "4"]
[White "Piscicelli, Daniel Orlando"]
[Black "Heinecke, Victor"]
[Result "1-0"]
[WhiteElo "2311"]
[BlackElo "2012"]
[PlyCount "77"]
[EventDate "2011.04.16"]
[EventType "swiss"]
[EventRounds "9"]
[EventCountry "ARG"]
[SourceTitle "EXT 2012"]
[Source "ChessBase"]
[SourceDate "2011.11.24"]
[SourceVersion "1"]
[SourceVersionDate "2011.11.24"]
[SourceQuality "1"]

1. Nf3 Nf6 2. g3 g6 3. Bg2 Bg7 4. d4 0-0 5. c4 c5 6. Nc3 cxd4 7. Nxd4 Nc6 8. 0-0 Nxd4 9. Qxd4 d6 10. Bd2 a6 11. b3 Nd7 12. Qh4 Bf6 13. Qf4 Nc5 14. Rac1 Bd7 15. Nd5 Bg7 16. Qh4 Re8 17. Bg5 f6 18. Be3 Bc6 19. Rfd1 e6 20. Bxc5 exd5 21. cxd5 Bb5 22. Be3 Bxe2 23. Rd2 Bb5 24. a4 Bd7 25. Qb4 Rc8 26. Rdd1 Rxc1 27. Rxc1 Bc8 28. h3 f5 29. Bb6 Qf6 30. Kh2 Bf8 31. Bd4 Qd8 32. Bb6 Qe7 33. Rc7 Qe2 34. Qc3 f4 35. Rxc8 fxg3+ 36. fxg3 Re5 37. Bd4 Rf5 38. Qc7 Rf7 39. Qxd6 1-0

[Event "Mar del Plata op"]
[Site "Mar del Plata"]
[Date "2002.03.25"]
[Round "4"]
[White "Piscicelli, Daniel Orlando"]
[Black "Moccero, Eduardo"]
[Result "1-0"]
[WhiteElo "2388"]
[BlackElo "2156"]
[PlyCount "95"]
[EventDate "2002.03.23"]
[EventType "swiss"]
[EventRounds "9"]
[EventCountry "ARG"]
[SourceTitle "CBM 087 Extra"]
[Source "ChessBase"]
[SourceDate "2002.05.03"]
[SourceVersion "2"]
[SourceVersionDate "2002.08.09"]
[SourceQuality "1"]

1. d4 d5 2. c4 e6 3. Nc3 c5 4. cxd5 exd5 5. Nf3 Nc6 6. g3 Nf6 7. Bg2 Be7 8. 0-0 0-0 9. Bg5 cxd4 10. Nxd4 h6 11. Be3 Re8 12. Qa4 Bd7 13. Rad1 Na5 14. Qc2 Rc8 15. Qb1 Bg4 16. h3 Bh5 17. g4 Bg6 18. Nf5 Bc5 19. Nxd5 Bxe3 20. Ndxe3 Qb6 21. Rd6 Qc7 22. Rfd1 Nc6 23. Qc2 Re6 24. Rxe6 fxe6 25. Qb3 Bf7 26. Nd6 Na5 27. Qa4 Rf8 28. b4 Nc6 29. b5 Na5 30. Qd4 b6 31. Qe5 Nd7 32. Qd4 Bg6 33. Ndc4 Nxc4 34. Nxc4 Nc5 35. Ne5 Be8 36. Bc6 Qe7 37. Qd8 Qf6 38. Qxf6 gxf6 39. Bxe8 Rxe8 40. Nd7 Kf7 41. Nxc5 bxc5 42. Rd7+ Re7 43. Rxe7+ Kxe7 44. f4 c4 45. Kf2 Kd6 46. Ke3 Kc5 47. h4 e5 48. fxe5 1-0

[Event "Mar del Plata op"]
[Site "Mar del Plata"]
[Date "2002.03.24"]
[Round "3"]
[White "Piscicelli, Daniel Orlando"]
[Black "Herrero, Luis"]
[Result "0-1"]
[WhiteElo "2388"]
[BlackElo "2210"]
[PlyCount "88"]
[EventDate "2002.03.23"]
[EventType "swiss"]
[EventRounds "9"]
[EventCountry "ARG"]
[SourceTitle "CBM 087 Extra"]
[Source "ChessBase"]
[SourceDate "2002.05.03"]
[SourceVersion "2"]
[SourceVersionDate "2002.08.09"]
[SourceQuality "1"]

1. Nf3 Nf6 2. g3 d5 3. d4 Bf5 4. c4 c6 5. Qb3 Qb6 6. c5 Qxb3 7. axb3 Bxb1 8. Rxb1 Nfd7 9. Bf4 f6 10. Bxb8 Nxb8 11. e3 e5 12. b4 e4 13. Nd2 b5 14. Ra1 Be7 15. Bh3 Kf7 16. Ke2 a6 17. f3 exf3+ 18. Nxf3 Ra7 19. Rhf1 Ke8 20. Kd3 g6 21. Rfe1 f5 22. g4 fxg4 23. Bxg4 Rf8 24. Rf1 Bf6 25. Nd2 Bg5 26. Nf3 Bf6 27. Rae1 Raf7 28. Be6 Re7 29. Bh3 Ref7 30. e4 dxe4+ 31. Rxe4+ Be7 32. Ke2 Kd8 33. Ne5 Rxf1 34. Bxf1 Bf6 35. Bh3 Bxe5 36. dxe5 Ke7 37. Rd4 g5 38. Rd6 Rf4 39. Rh6 g4 40. Rxh7+ Ke6 41. Bg2 Rxb4 42. Rb7 Rxb2+ 43. Kf1 Nd7 44. Bxc6 Nxc5 0-1

[Event "Mar del Plata op 30th"]
[Site "Mar del Plata"]
[Date "1999.04.04"]
[Round "9"]
[White "Fiorito, Fabian"]
[Black "Piscicelli, Daniel Orlando"]
[Result "1/2-1/2"]
[WhiteElo "2440"]
[BlackElo "2350"]
[PlyCount "112"]
[EventDate "1999.03.??"]
[EventType "team"]
[EventRounds "9"]
[EventCountry "ARG"]
[SourceTitle "EXT 2000"]
[Source "ChessBase"]
[SourceDate "1999.11.16"]
[SourceVersion "1"]
[SourceVersionDate "1999.11.16"]
[SourceQuality "1"]

1. e4 c5 2. Nf3 Nc6 3. d4 cxd4 4. Nxd4 Nf6 5. Nc3 e6 6. Nxc6 bxc6 7. Bd3 e5 8. 0-0 Be7 9. Kh1 d6 10. f4 Nd7 11. Ne2 0-0 12. Ng3 exf4 13. Bxf4 Ne5 14. Be2 Be6 15. Qd2 Rb8 16. b3 Qc7 17. Nh5 Rfd8 18. Bg3 Qd7 19. Qc3 f6 20. Nf4 Bf7 21. Rad1 Bf8 22. h3 Qb7 23. Be1 Re8 24. Qg3 Kh8 25. Bc3 Qb6 26. h4 Qc5 27. h5 h6 28. Rd2 Nd7 29. Bg4 Ne5 30. Bf5 Qb6 31. Rdf2 Kg8 32. Ng6 Rbd8 33. Nf4 Qc7 34. Bd2 Kh8 35. c4 a5 36. Qh3 Qe7 37. Bxa5 Ra8 38. Bc3 Ra7 39. Qg3 Rea8 40. Ra1 Qb7 41. c5 Qb5 42. Bd4 Qb4 43. Qe3 dxc5 44. Bc3 Qb8 45. Be6 Bxe6 46. Bxe5 Qe8 47. Ng6+ Kh7 48. Raf1 Rxa2 49. Nxf8+ Qxf8 50. Bb2 Qe8 51. Qxc5 R8a5 52. Qd6 Rxh5+ 53. Kg1 Qd7 54. Qf4 Rg5 55. Qe3 Qa7 56. Bd4 c5 1/2-1/2

[Event "Mar del Plata op 30th"]
[Site "Mar del Plata"]
[Date "1999.04.03"]
[Round "8"]
[White "Piscicelli, Daniel Orlando"]
[Black "Giaccio, Alfredo Gustavo"]
[Result "1/2-1/2"]
[WhiteElo "2350"]
[BlackElo "2505"]
[PlyCount "79"]
[EventDate "1999.03.??"]
[EventType "team"]
[EventRounds "9"]
[EventCountry "ARG"]
[SourceTitle "EXT 2000"]
[Source "ChessBase"]
[SourceDate "1999.11.16"]
[SourceVersion "1"]
[SourceVersionDate "1999.11.16"]
[SourceQuality "1"]

1. d4 e6 2. c4 Bb4+ 3. Bd2 a5 4. g3 Nf6 5. Bg2 0-0 6. Nf3 Nc6 7. 0-0 Re8 8. Nc3 d6 9. Rc1 e5 10. d5 Ne7 11. Bg5 Bxc3 12. Rxc3 Ne4 13. Rc1 Nxg5 14. Nxg5 h6 15. Nf3 b6 16. Nxe5 dxe5 17. d6 Rb8 18. dxe7 Qxe7 19. Qa4 Bg4 20. Bf3 Bxf3 21. exf3 Red8 22. Rcd1 Rd4 23. Rfe1 Qf6 24. Kg2 c5 25. Re4 Qd6 26. Rde1 f6 27. Qb5 Rd8 28. R1e2 Kh7 29. h4 Qe6 30. a3 R8d6 31. b4 Rxe4 32. Rxe4 axb4 33. axb4 Rc6 34. f4 cxb4 35. Qxb4 Rc5 36. Kh2 Qc6 37. Qb1 Kg8 38. fxe5 Rxe5 39. Rxe5 fxe5 40. Qd3 1/2-1/2

[Event "Mar del Plata op"]
[Site "Mar del Plata"]
[Date "1996.??.??"]
[Round "9"]
[White "Piscicelli, Daniel Orlando"]
[Black "Ginzburg, Maximiliano"]
[Result "0-1"]
[WhiteElo "2325"]
[BlackElo "2405"]
[PlyCount "86"]
[EventDate "1996.??.??"]
[EventType "swiss"]
[EventRounds "9"]
[EventCountry "ARG"]
[SourceTitle "CBM 051 Extra"]
[Source "ChessBase"]
[SourceDate "1996.05.01"]
[SourceVersion "1"]
[SourceVersionDate "1996.05.01"]
[SourceQuality "1"]

1. d4 f5 2. c4 Nf6 3. Nf3 e6 4. g3 d5 5. Bg2 c6 6. 0-0 Bd6 7. b3 Qe7 8. Bb2 0-0 9. Qc2 Bd7 10. Ne5 Be8 11. Nd2 Bh5 12. Ndf3 Nbd7 13. a3 h6 14. b4 g5 15. e3 Qh7 16. Rac1 Bxf3 17. Nxf3 g4 18. Ne1 Ne4 19. b5 Ndf6 20. bxc6 bxc6 21. Nd3 Ng5 22. Qa4 Nfe4 23. Bc3 h5 24. cxd5 cxd5 25. Bb4 Bxb4 26. Qxb4 h4 27. Nf4 Rf6 28. Qa5 Raf8 29. Rc7 Qh6 30. Rfc1 hxg3 31. fxg3 Nf3+ 32. Bxf3 gxf3 33. Rc8 f2+ 34. Kg2 f1Q+ 35. Kxf1 Qxh2 36. R1c2 Nxg3+ 37. Ke1 Qg1+ 38. Kd2 Ne4+ 39. Ke2 Qf2+ 40. Kd1 Qf3+ 41. Ne2 Qxe3 42. Rxf8+ Rxf8 43. Qxa7 f4 0-1

[Event "Mar del Plata op 26th"]
[Site "Mar del Plata"]
[Date "1995.??.??"]
[Round "?"]
[White "Fiorito, Fabian"]
[Black "Piscicelli, Daniel Orlando"]
[Result "1-0"]
[WhiteElo "2455"]
[BlackElo "2320"]
[PlyCount "53"]
[EventDate "1995.05.??"]
[EventType "swiss"]
[EventRounds "9"]
[EventCountry "ARG"]
[SourceTitle "EXT 2003"]
[Source "ChessBase"]
[SourceDate "2002.11.25"]
[SourceVersion "1"]
[SourceVersionDate "2002.11.25"]
[SourceQuality "1"]

1. e4 c5 2. c3 d5 3. exd5 Qxd5 4. d4 Nc6 5. Nf3 e6 6. Be3 cxd4 7. cxd4 Nf6 8. Nc3 Qd6 9. a3 Be7 10. Bd3 0-0 11. 0-0 b6 12. Qe2 Bb7 13. Rad1 Rad8 14. Bg5 Rfe8 15. Rfe1 Bf8 16. Bxf6 gxf6 17. Ba6 Bxa6 18. Qxa6 Qb8 19. Qb5 Ne7 20. Qh5 a5 21. g3 Qb7 22. Re4 Ng6 23. Re3 Bg7 24. d5 f5 25. Ng5 h6 26. Nxe6 Bxc3 27. Nxd8 1-0

[Event "Mar del Plata op 26th"]
[Site "Mar del Plata"]
[Date "1995.??.??"]
[Round "3"]
[White "Quinteros, Miguel Angel"]
[Black "Piscicelli, Daniel Orlando"]
[Result "1-0"]
[WhiteElo "2505"]
[BlackElo "2320"]
[PlyCount "141"]
[EventDate "1995.05.??"]
[EventType "swiss"]
[EventRounds "9"]
[EventCountry "ARG"]
[SourceTitle "EXT 1997"]
[Source "ChessBase"]
[SourceDate "1996.11.15"]
[SourceVersion "1"]
[SourceVersionDate "1996.11.15"]
[SourceQuality "1"]

1. c4 c5 2. Nf3 Nf6 3. d4 cxd4 4. Nxd4 e6 5. g3 Bb4+ 6. Bd2 Qb6 7. Bg2 Nc6 8. Nxc6 bxc6 9. Nc3 d5 10. 0-0 0-0 11. Qc2 Ba6 12. b3 Be7 13. Na4 Qb8 14. Rfd1 Rc8 15. Be3 Nd7 16. Rab1 Qe5 17. Qd2 Qc7 18. Bf4 Qd8 19. e4 e5 20. exd5 exf4 21. dxc6 Nf6 22. Qc3 Qc7 23. b4 fxg3 24. hxg3 Rd8 25. Re1 Bc8 26. b5 Be6 27. Re5 Ng4 28. Rxe6 fxe6 29. c5 Bf6 30. Qc4 Rd4 31. Qxe6+ Qf7 32. Qxf7+ Kxf7 33. c7 Rc8 34. b6 axb6 35. cxb6 Rd7 36. Bh3 h5 37. Bxg4 hxg4 38. b7 Rdxc7 39. bxc8Q Rxc8 40. Rb4 Rc2 41. Rxg4 Rxa2 42. Nc5 Rd2 43. Rc4 Rd4 44. Rc2 Rb4 45. Kg2 Rb2 46. Rc4 Rd2 47. Kf3 Ra2 48. Ne4 Ke6 49. Rc5 Bd4 50. Rb5 Rb2 51. Ra5 Rc2 52. Ra8 Rb2 53. Rd8 Bb6 54. Rd3 Ke7 55. Ra3 Kf7 56. Kg4 Rb4 57. f3 Bd4 58. Ra5 Kg6 59. Rg5+ Kf7 60. Rd5 Kg6 61. Kf4 Bb2 62. Rd6+ Kf7 63. Rc6 Bd4 64. Nd6+ Ke6 65. Ne4+ Kf7 66. Ng5+ Ke7 67. Kf5 Bf6 68. Ne4 Rb5+ 69. Kg6 Rb3 70. Nxf6 Rxf3 71. Nh5 1-0

[Event "Mar del Plata op"]
[Site "Mar del Plata"]
[Date "1992.??.??"]
[Round "6"]
[White "Piscicelli, Daniel Orlando"]
[Black "Bademian Orchanian, Jose"]
[Result "0-1"]
[WhiteElo "2320"]
[BlackElo "2285"]
[PlyCount "94"]
[EventDate "1992.??.??"]
[EventType "swiss"]
[EventRounds "9"]
[EventCountry "ARG"]
[SourceTitle "EXT 1998"]
[Source "ChessBase"]
[SourceDate "1997.11.17"]
[SourceVersion "1"]
[SourceVersionDate "1997.11.17"]
[SourceQuality "1"]

1. d4 Nf6 2. c4 e5 3. dxe5 Ng4 4. Nf3 Bc5 5. e3 Nc6 6. Nc3 Ncxe5 7. Be2 0-0 8. 0-0 Re8 9. Nd4 Nf6 10. Nb3 Bf8 11. e4 d6 12. f4 Ned7 13. Bf3 a5 14. Qc2 a4 15. Nd4 Nc5 16. Bd2 Bg4 17. Rae1 g6 18. Bxg4 Nxg4 19. Nf3 Bg7 20. h3 Nf6 21. f5 c6 22. Ng5 Rf8 23. Bf4 h6 24. Nf3 g5 25. Bh2 Re8 26. Kh1 Qe7 27. Re2 Nfd7 28. Rd2 Ne5 29. Nxe5 Bxe5 30. Bxe5 Qxe5 31. Re1 Qg3 32. Qd1 Rad8 33. Rde2 Nd3 34. Rf1 Nxb2 35. Rxb2 Qxc3 36. Rxb7 Qxc4 37. Re1 Rxe4 38. Rxe4 Qxe4 39. f6 Qf4 40. Qc2 Re8 41. Re7 Rb8 42. Re4 Qxf6 43. Qxc6 a3 44. Qc7 Rb2 45. Qc4 d5 46. Qc8+ Kg7 47. Re1 Rxa2 0-1

[Event "Mar del Plata op"]
[Site "Mar del Plata"]
[Date "1992.??.??"]
[Round "4"]
[White "Piscicelli, Daniel Orlando"]
[Black "Tempone, Marcelo"]
[Result "1/2-1/2"]
[WhiteElo "2320"]
[BlackElo "2455"]
[PlyCount "56"]
[EventDate "1992.??.??"]
[EventType "swiss"]
[EventRounds "9"]
[EventCountry "ARG"]
[SourceTitle "EXT 1998"]
[Source "ChessBase"]
[SourceDate "1997.11.17"]
[SourceVersion "1"]
[SourceVersionDate "1997.11.17"]
[SourceQuality "1"]

1. d4 Nf6 2. c4 c5 3. d5 e5 4. Nc3 d6 5. e4 g6 6. Nf3 Bg7 7. a3 0-0 8. b4 Na6 9. Rb1 h6 10. Be2 Nh5 11. 0-0 Nf4 12. Ne1 f5 13. Nd3 b6 14. Bd2 Nc7 15. Re1 Nxe2+ 16. Qxe2 f4 17. f3 g5 18. g4 fxg3 19. hxg3 Ne8 20. Nd1 Qf6 21. Kg2 Qg6 22. N3f2 h5 23. Ne3 Nf6 24. g4 hxg4 25. Nexg4 Nh5 26. Rh1 Bd7 27. Rh2 Kf7 28. bxc5 bxc5 1/2-1/2

[Event "Mar del Plata op"]
[Site "Mar del Plata"]
[Date "1991.??.??"]
[Round "?"]
[White "Kanefsck, Gustavo"]
[Black "Piscicelli, Daniel Orlando"]
[Result "0-1"]
[WhiteElo "2380"]
[BlackElo "2275"]
[PlyCount "55"]
[EventDate "1991.??.??"]
[EventType "swiss"]
[EventRounds "9"]
[EventCountry "ARG"]
[SourceTitle "EXT 1999"]
[Source "ChessBase"]
[SourceDate "1998.11.16"]
[SourceVersion "1"]
[SourceVersionDate "1998.11.16"]
[SourceQuality "1"]

1. e4 c5 2. Nf3 d6 3. d4 cxd4 4. Nxd4 Nf6 5. Nc3 Nc6 6. Bg5 e6 7. Qd2 a6 8. f3 Be7 9. 0-0-0 Qc7 10. Kb1 Bd7 11. g4 Rc8 12. Be3 Nxd4 13. Bxd4 0-0 14. g5 Ne8 15. h4 b5 16. Bd3 b4 17. Ne2 e5 18. Be3 Be6 19. h5 d5 20. exd5 Bxd5 21. g6 Bxf3 22. h6 fxg6 23. hxg7 Nxg7 24. b3 Qb7 25. Rhf1 Nf5 26. Bxa6 Qxa6 27. Rxf3 Rfd8 28. Qc1 0-1

[Event "Mar del Plata PROSUD"]
[Site "Mar del Plata"]
[Date "1991.??.??"]
[Round "11"]
[White "Piscicelli, Daniel Orlando"]
[Black "Salazar Jacob, Hernan"]
[Result "1/2-1/2"]
[WhiteElo "2275"]
[BlackElo "2390"]
[PlyCount "36"]
[EventDate "1991.??.??"]
[EventType "tourn"]
[EventRounds "13"]
[EventCountry "ARG"]
[EventCategory "3"]
[SourceTitle "EXT 1999"]
[Source "ChessBase"]
[SourceDate "1998.11.16"]
[SourceVersion "1"]
[SourceVersionDate "1998.11.16"]
[SourceQuality "1"]

1. d4 d5 2. c4 e6 3. Nf3 c5 4. cxd5 exd5 5. g3 Nf6 6. Bg2 Be7 7. 0-0 0-0 8. Nc3 Nc6 9. Bg5 cxd4 10. Nxd4 h6 11. Be3 Re8 12. Rc1 Bf8 13. Nxc6 bxc6 14. Na4 Bd7 15. Bc5 Ne4 16. Bxf8 Kxf8 17. Qd4 Kg8 18. Rc2 Qa5 1/2-1/2